000 00182 a2200085 4500
020 _a0799329886
082 _a0940056209
100 _aDe Villiers, Frieda
245 _aAljander, Aljander
999 _c781394
_d781393
942 _w13411
_xBongani Makatu
_y13411
_zBongani Makatu